General medical practice premises for the provision of primary health care services. (Record no. 100182)

MARC details
000 -LEADER
fixed length control field 00668cam a2200217 4500
008 - FIXED-LENGTH DATA ELEMENTS--GENERAL INFORMATION
fixed length control field 000000n1991 000 0 eng u
020 ## - INTERNATIONAL STANDARD BOOK NUMBER
International Standard Book Number 0113214030
035 ## - SYSTEM CONTROL NUMBER
System control number (Sirsi) u103869
050 ## - LIBRARY OF CONGRESS CALL NUMBER
Classification number 725.5
110 ## - MAIN ENTRY--CORPORATE NAME
Corporate name or jurisdiction name as entry element NHS Estates
9 (RLIN) 2893
245 ## - TITLE STATEMENT
Title General medical practice premises for the provision of primary health care services.
260 ## - PUBLICATION, DISTRIBUTION, ETC.
Place of publication, distribution, etc. London
Name of publisher, distributor, etc. Stationery Books
Date of publication, distribution, etc. 1991
300 ## - PHYSICAL DESCRIPTION
Extent 50p. : ill ; 30cm.
350 ## - PRICE (NR) (BK AM CF MU VM SE) [OBSOLETE]
Price 20.00
490 ## - SERIES STATEMENT
Series statement Health Building Note
Volume/sequential designation 46
650 ## - SUBJECT ADDED ENTRY--TOPICAL TERM
Topical term or geographic name entry element DOCTORS SUGERIES
650 ## - SUBJECT ADDED ENTRY--TOPICAL TERM
Topical term or geographic name entry element GENERAL PRACTITIONERS
650 ## - SUBJECT ADDED ENTRY--TOPICAL TERM
Topical term or geographic name entry element BUILT ENVIRONMENT-CONSTRUCTION DESIGN
690 ## - LOCAL SUBJECT ADDED ENTRY--TOPICAL TERM (OCLC, RLIN)
Topical term or geographic name as entry element BUILT ENVIRONMENT-CONSTRUCTION DESIGN
942 ## - ADDED ENTRY ELEMENTS (KOHA)
Suppress in OPAC 0
Holdings
Withdrawn status Lost status Source of classification or shelving scheme Damaged status Not for loan Home library Current library Shelving location Date acquired Cost, normal purchase price Total Checkouts Full call number Barcode Date last seen Date last checked out Copy number Cost, replacement price Price effective from Koha item type
    Dewey Decimal Classification     London London Folio 22/02/2000 20.00 4 F725.5 NHS 30060539 06/08/2019 30/01/2001 1 20.00 06/08/2019 Book